Statistics for Most Common Language for Every Country

Click here to take the quiz!

General Stats

  • This quiz has been taken 1,282 times
    (1,278 since last reset)
  • The average score is 64 of 112

Answer Stats

CountryLanguage% Correct
United States, United Kingdom, Canada and 10 others...English
99%
France, Gabon, Côte d'Ivoire and two others...French
99%
Austria, Germany and SwitzerlandGerman
98%
Spain, Mexico, Colombia and 15 others...Spanish
98%
Italy and San MarinoItalian
97%
Brazil, Portugal, Angola and 2 others...Portuguese
97%
Belarus and RussiaRussian
97%
Belgium, Netherlands and SurinameDutch
95%
Cyprus and GreeceGreek
94%
Egypt, Saudi Arabia, Morocco and 16 others...Arabic
93%
Albania and KosovoAlbanian
92%
China and TaiwanChinese
92%
CroatianCroatian
92%
DenmarkDanish
92%
FinlandFinnish
92%
HungaryHungarian
92%
PolandPolish
92%
BulgariaBulgarian
91%
SerbiaSerbian
91%
SwedenSwedish
91%
Czech RepublicCzech
90%
EstoniaEstonian
90%
LatviaLatvian
90%
Bosnia & HerzegovinaBosnian
88%
NorwayNorwegian
88%
IndiaHindi
87%
IcelandIcelandic
87%
JapanJapanese
87%
North Korea and South KoreaKorean
87%
LithuaniaLithuanian
87%
SlovakiaSlovak
87%
UkraineUkrainian
87%
MalaysiaMalay
84%
TurkeyTurkish
84%
MacedoniaMacedonian
83%
ArmeniaArmenian
82%
ThailandThai
82%
VietnamVietnamese
82%
IsraelHebrew
80%
MaltaMaltese
80%
Vatican CityLatin
79%
MongolianMongolian
79%
GeorgiaGeorgian
78%
IndonesiaIndonesian
78%
LaosLao
75%
UzbekistanUzbek
75%
PhilippinesTagalog
74%
BangladeshBengali
72%
BurmaBurmese
72%
KazakhstanKazakh
72%
AndorraCatalan
71%
Moldova and RomaniaRomanian
71%
TurkmenistanTurkmen
70%
PakistanUrdu
70%
AzerbaijanAzerbaijani
67%
KyrgyzstanKyrgyz
67%
Kenya, Tanzania and UgandaSwahili
67%
SloveniaSlovene
66%
LuxembourgLuxembourgish
64%
SamoaSamoan
63%
FijiFijian
61%
CambodiaKhmer
59%
NepalNepali
59%
TongaTongan
58%
HaitiHaitian Creole
55%
TajikistanTajiki
54%
Djibouti and SomaliaSomali
53%
IranFarsi
52%
PalauPalau
51%
MontenegroMontenegrin
49%
KiribatiKiribati
48%
NauruNauruan
48%
TuvaluTuvaluan
47%
MaldivesMaldivian
44%
EthiopiaAmharic
42%
Marshall IslandsMarshallese
42%
SwazilandSwazi
41%
NamibiaAfrikaans
39%
LesothoSotho
33%
MadagascarMalagasy
31%
ParaugayGuaraní
30%
AfghanistanDarī
28%
Dominica, Saint Lucia and SeychellesCreole French
27%
Sri LankaSinhala
27%
BhutanDzongkha
26%
Jamaica, Bahamas, Trinidad & Tobago and 10 others...Creole English
23%
BruneiBrunei
20%
NigerHausa
20%
ComorosComorian
19%
RwandaKinyarwanda
19%
VanuatuBislama
15%
ZimbabweShona
15%
Guinea-BissauCreole Portuguese
13%
SenegalWolof
13%
Central African RepublicSango
11%
LiechtensteinAlemannic
8%
BotswanaSetswana
8%
BarbadosBajan
6%
MalawiChichewa
6%
Equatorial GuineaFang
5%
BurundiRundi
5%
MaliBambara
3%
ZambiaBemba
3%
GambiaMandinka
3%
Burkina FasoMòoré
3%
BeninFon
2%
Congo (Dem. Rep) and Congo (Rep,)Kituba
2%
Cape VerdeKabuverdianu
1%
MauritiusMorisyen
1%
GuineaPular
1%
East TimorTetun Dili
1%
EritreaTigrigna
1%

Score Distribution

Percentile by Number Answered

Percent of People with Each Score

Your Score History

You have not taken this quiz since the last reset